Statistics for Eat It, Wear It, or Drive It

Click here to take the quiz!

General Stats

  • This quiz has been taken 16,035 times
  • The average score is 12 of 15

Answer Stats

Question Answer % Correct
SchnitzelEat
97%
TiramisuEat
96%
BugattiDrive
95%
ChorizoEat
94%
SashimiEat
89%
BorschtEat
88%
CravatWear
87%
CitroënDrive
85%
ŠkodaDrive
84%
SerapeWear
80%
PierogiEat
75%
ZapatosWear
73%
ObiWear
69%
LadaDrive
63%
DhotiWear
60%

Score Distribution

Percentile by Number Answered

Percent of People with Each Score

Your Score History

You have not taken this quiz